Cyclisme - Champions du monde du contre-la-montre masculin - Statistiques

Statistiques générales
  • Ce quiz a été pris 56 fois
  • Le résultat moyen est 19 sur 32
Statistiques - réponses
Année Nationalité Vainqueur % Correct
2023 Belgique Remco Evenepoel
96%
2024 Belgique Remco Evenepoel
96%
2025 Belgique Remco Evenepoel
96%
2020 Italie Filippo Ganna
92%
2021 Italie Filippo Ganna
92%
2006 Suisse Fabian Cancellara
82%
2007 Suisse Fabian Cancellara
82%
2009 Suisse Fabian Cancellara
82%
2010 Suisse Fabian Cancellara
82%
2011 Allemagne Tony Martin
82%
2012 Allemagne Tony Martin
82%
2013 Allemagne Tony Martin
82%
2016 Allemagne Tony Martin
82%
2014 Royaume-Uni Bradley Wiggins
71%
2017 Pays-Bas Tom Dumoulin
65%
1997 France Laurent Jalabert
59%
1995 Espagne Miguel Indurain
59%
2022 Norvège Tobias Foss
57%
2018 Australie Rohan Dennis
51%
2019 Australie Rohan Dennis
51%
1999 Allemagne Jan Ullrich
49%
2001 Allemagne Jan Ullrich
49%
2015 Biélorussie Vasil Kiryienka
33%
1996 Suisse Alex Zülle
31%
2003 Australie Michael Rogers
25%
2004 Australie Michael Rogers
25%
2005 Australie Michael Rogers
25%
1998 Espagne Abraham Olano
24%
1994 Royaume-Uni Chris Boardman
22%
2002 Colombie Santiago Botero
16%
2000 Ukraine Serhiy Honchar
10%
2008 Allemagne Bert Grabsch
6%
Aucun quiz correspondant
Distribution des résultats
% des personnes avec chaque résultat
Percentile par nombre de réponses
Votre historique - résultats
Vous n’avez pas pris ce quiz